ONLY 76ers Players - Statistics

General Stats
  • This quiz has been taken 58 times
  • The average score is 5 of 10
Answers on the Grid
Answers color-coded by a green-red scale on the quiz's grid according to % correct below.
Jason Richardson
Kent Bazemore
Gerald Henderson
Jerryd Bayless
Cameron Johnson
Dario Saric
Jonah Bolden
Danilo Gallinari
Lu Dort
James Ennis III
Gerald Green
Ersan Ilyasova
Tyreke Evans
Markelle Fultz
Seth Curry
Mitchell Robinson
Wesley Matthews
Ish Smith
Nate Robinson
Cade Cunningham
 
Answer Stats
Answer % Correct
Seth Curry
70%
Markelle Fultz
67%
Ish Smith
57%
Dario Saric
53%
Jason Richardson
53%
Ersan Ilyasova
43%
James Ennis III
43%
Jerryd Bayless
43%
Jonah Bolden
37%
Gerald Henderson
30%
No matching quizzes found
Score Distribution
Percent of People with Each Score
Percentile by Number Answered
Your Score History
You have not taken this quiz